000 01852nam a2200469 i 4500
001 ELB171582
003 FINmELB
005 20250326042927.0
006 m o u
007 cr cn|||||||||
008 210804s2020 sp ab ob 001 0 spa d
020 _a9788481025781
020 _a9788481026962
_q(e-book)
035 _a(OCoLC)1265041193
040 _aFINmELB
_bspa
_erda
_cFINmELB
050 4 _aDP302.C54
_bS655 2020
080 _a94(460.13)"1936/39"
082 0 4 _a946.3081
_223
100 1 _aSolla Gutiérrez, Miguel ángel,
_d1961-
_eautor.
245 1 3 _aLa república sitiada :
_btrece meses de Guerra Civil en Cantabria (julio 1936-agosto 1937) /
_cMiguel ángel Solla Gutiérrez.
264 1 _aSantander :
_bPUbliCan,
_c2020.
300 _a1 recurso en línea (402 páginas) :
_bilustraciones, mapas
336 _atexto
_btxt
_2rdacontent/spa
337 _acomputadora
_bc
_2rdamedia/spa
338 _arecurso en línea
_bcr
_2rdacarrier/spa
504 _aBibliografía: páginas 366-398. índice.
588 _aDescripción basada en metadatos suministrados por el editor y otras fuentes.
590 _aRecurso electrónico. Santa Fe, Arg.: elibro, 2021. Disponible vía World Wide Web. El acceso puede estar limitado para las bibliotecas afiliadas a elibro.
650 0 _aCantabria (Spain)
_xHistory
_y20th century.
651 4 _aCantabria (Comunidad Autónoma)
_xHistoria
_y1936-1939.
655 4 _aLibros electrónicos.
797 2 _aelibro, Corp.
856 4 0 _uhttps://elibro.net/ereader/usam/171582
999 _c137464
_d137464